|
|
|
|
| LEADER |
00000nab a2200000 a 4500 |
| 001 |
vtls000492919 |
| 003 |
SK-MaSNL |
| 005 |
20260305000756.0 |
| 008 |
250424c1993 xo 0 slo |
| 015 |
|
|
|a SNBRB19rr/mm-uuuuu
|
| 035 |
|
|
|a CL0493057
|
| 035 |
|
|
|a urn:nbn:sk:snk-abbno8
|
| 035 |
|
|
|a (urnnbn)urn:nbn:sk:snk:ar-0049iz
|
| 035 |
|
|
|a (uuid)f647d1d4-04bc-40b6-b0e3-89376b5f6f23
|
| 040 |
|
|
|a SNKBUCL
|b slo
|c SNKBUCL
|e AACR2
|
| 041 |
0 |
|
|a slo
|
| 044 |
|
|
|a xo
|c SK
|
| 080 |
|
|
|a 82.09:820 (73)-3(048)
|2 1981
|
| 080 |
|
|
|a 820 (73)-3(048)
|2 1981
|
| 100 |
1 |
|
|a Niewiadowski, Andrzej
|4 aut
|9 544686
|
| 245 |
1 |
0 |
|a Jerzy Kosinski: Diabelskie drzewo
|c Andrzej Niewiadowski
|
| 650 |
0 |
7 |
|a romány psychologické
|2 snkbucl
|9 653970
|
| 655 |
|
7 |
|a články z novín a časopisov
|2 snkbucl
|9 267496
|
| 700 |
1 |
|
|a Kosiński, Jerzy N.,
|d 1933-1991
|4 aut
|9 151821
|
| 773 |
0 |
|
|t Revue svetovej literatúry
|g Roč. 29, č. 4 (1993), s. 176-177
|
| 787 |
0 |
8 |
|i Rec.:
|a Kosinski, Jerzy
|t Diabelskie drzewo
|d Warszawa : Czytelnik, 1992
|
| 850 |
|
|
|a Slovenská národná knižnica
|
| 852 |
|
|
|a Slovenská národná knižnica
|
| 958 |
|
|
|a article15
|
| 958 |
|
|
|a OND
|
| 958 |
|
|
|a RK
|
| 958 |
|
|
|a LX
|
| 958 |
|
|
|a PL
|
| 958 |
|
|
|a US
|
| 958 |
|
|
|a EUIPO
|
| 999 |
|
|
|c 3215549
|d 3217479
|